<?xml version="1.0" encoding="UTF-8"?><?xml-stylesheet type="text/xsl" href="static/style.xsl"?><OAI-PMH xmlns="http://www.openarchives.org/OAI/2.0/" xmlns:xsi="http://www.w3.org/2001/XMLSchema-instance" xsi:schemaLocation="http://www.openarchives.org/OAI/2.0/ http://www.openarchives.org/OAI/2.0/OAI-PMH.xsd"><responseDate>2026-06-06T17:53:21Z</responseDate><request verb="GetRecord" identifier="oai:riuma.uma.es:10630/24228" metadataPrefix="marc">https://riuma.uma.es/rest/oai/request</request><GetRecord><record><header><identifier>oai:riuma.uma.es:10630/24228</identifier><datestamp>2026-02-03T12:07:04Z</datestamp><setSpec>com_10630_2254</setSpec><setSpec>col_10630_37959</setSpec></header><metadata><record xmlns="http://www.loc.gov/MARC21/slim" xmlns:dcterms="http://purl.org/dc/terms/" xmlns:doc="http://www.lyncode.com/xoai" xmlns:xsi="http://www.w3.org/2001/XMLSchema-instance" xsi:schemaLocation="http://www.loc.gov/MARC21/slim http://www.loc.gov/standards/marcxml/schema/MARC21slim.xsd">
   <leader>00925njm 22002777a 4500</leader>
   <datafield ind2=" " ind1=" " tag="042">
      <subfield code="a">dc</subfield>
   </datafield>
   <datafield ind2=" " ind1=" " tag="720">
      <subfield code="a">Galeote-Luque, Andrés</subfield>
      <subfield code="e">author</subfield>
   </datafield>
   <datafield ind2=" " ind1=" " tag="720">
      <subfield code="a">Ruiz-Sarmiento, José Raúl</subfield>
      <subfield code="e">author</subfield>
   </datafield>
   <datafield ind2=" " ind1=" " tag="720">
      <subfield code="a">González Jiménez, Javier</subfield>
      <subfield code="e">author</subfield>
   </datafield>
   <datafield ind2=" " ind1=" " tag="260">
      <subfield code="c">2022-05-19</subfield>
   </datafield>
   <datafield ind2=" " ind1=" " tag="520">
      <subfield code="a">En este artículo se presenta un método para el cálulo  de la odometría en tiempo real de una cámara de profundidad, tipicamente una cámara RGB-D, donde solo se emplea la imagen D. El método propuesto tiene la ventaja frente a las alternativas existentes en el estado del arte de ser eficiente a la vez que ofrece una precisión superior. Para ello, la estimación del movimiento entre dos imágenes de entrada se calcula minimizando la distancia entre trozos planos de una imagen  y puntos de la otra. La propuesta incluye un procedimiento iterativo que refina la solución (trasformación rígida entre dos imágenes consecutivas) mediante la actualización de los emparejamientos de pares de puntos y planos característicos hasta la convergencia. El método presentado se ha evaluado y comparado con una técnica del estado del arte, mostrando una reducción del 25% de la mediana de los errores de translación y rotación, funcionando a la misma frecuencia (~30Hz).</subfield>
   </datafield>
   <datafield ind1="8" ind2=" " tag="024">
      <subfield code="a">https://hdl.handle.net/10630/24228</subfield>
   </datafield>
   <datafield tag="653" ind2=" " ind1=" ">
      <subfield code="a">Cámaras de información de profundidad</subfield>
   </datafield>
   <datafield tag="653" ind2=" " ind1=" ">
      <subfield code="a">Sensores RBG-d</subfield>
   </datafield>
   <datafield tag="653" ind2=" " ind1=" ">
      <subfield code="a">Odometría</subfield>
   </datafield>
   <datafield ind2="0" ind1="0" tag="245">
      <subfield code="a">Método de odometría basada en planos para cámaras de profundidad.</subfield>
   </datafield>
</record>
</metadata></record></GetRecord></OAI-PMH>